Statistics for Greatest Movie Characters Of All Time

Click here to take the quiz!

General Stats

  • This quiz has been taken 723 times
  • The average score is 24 of 75

Answer Stats

Hint Answer % Correct
Real name is Clark KentSuperman
94%
"I am your father."Darth Vader
92%
Butler's name is AlfredBatman
85%
Hates SnakesIndiana Jones
78%
Sean Connery, Roger Moore, Daniel Craig...James Bond
77%
Girlfriend is M.J.Spiderman
74%
Meets Ben Kenobi after being attacked by Tusken RaiderLuke Skywalker
73%
Is the main character in the Caribbean seriesJack Sparrow
71%
"I'll Be Back."The Terminator
70%
Human cannibal who is a psychiatristDr. Hannibal Lecture
68%
"Life's like a box of chocolates."Forrest Gump
67%
Future British terroristV
63%
Co-pilot of the Millennium FalconChewbacca
62%
Has scissors for handsEdward Scissorhands
62%
Droid that can hack open anythingR2-D2
58%
Made the kessal run in 12 parsecsHan Solo
57%
Sells and makes soap and starts an underground fight clubTyler Durden
54%
Kills woman in the showerNorman Bates
53%
"Supercalifragilisticexpialidocious!"Mary Poppins
53%
Lives on swampy planet of DagobahYoda
52%
Iron ManTony Stark
49%
Goes back in time to 1955 and plays Johnny B. Goode on guitarMarty McFLy
47%
Takes over as "Don" in the Corleone familyMichael Corleone
47%
Blows up a hospital while disguised as a nurseThe Joker
46%
Has a scar on his foreheadHarry Potter
46%
Godfather of the Corleone familyDon Vito Corleone
46%
Andy's new best friendBuzz Lightyear
44%
Alien who can make a bike flyE.T.
41%
Can speak 6 billion languagesC-3PO
41%
Only pet detective in FloridaAce Ventura
40%
Falls in love with AdrianRocky Balboa
39%
GladiatorMaximus
36%
Dies in the Bourne UltimatumJason Bourne
35%
"Reach for the Sky..."Woody
32%
"Yippi ki-yah mother f***er!John McClane
30%
Lip sings "Twist and Shout" on a floatFerris Bueller
29%
"I want to suck you blood."Dracula
29%
"I want to play a game."Jigsaw
26%
Becomes taxi driver after the warTravis Bickle
24%
Investment banker who's a psychoPatrick Bateman
23%
.44 magnumHarry Callahan
22%
Sister of LukePrincess Leia
22%
Tries to axe murder family in an isolated hotelJack Torrance
20%
The professionalLeon
15%
Dog's name is BaxterRon Burgundy
14%
Wouldn't open the pod bay doorsHAL-9000
14%
Wants revenge on Bill for runining her marrige and moreThe Bride
13%
The Good in The Good, The Bad, and The UglyThe Man WIth No Name
13%
"You need people like me!"Tony Montana
13%
He has a fair attitude towards Jem and ScoutAtticus Finch
13%
Wrote Schindler's ListOskar Schindler
12%
Pilot of the Slave 1 shipBoba Fett
12%
Comes back to his home town every Halloween night to murder the town's peopleMichael Myers
11%
Beverly Hills CopAxel Foley
8%
The Bronx BullJake LaMotta
8%
Drugged his friends with ruffie's instead of ecstasyAlan Garner
8%
Has an unusual way of swinging a gold clubHappy Gilmore
7%
A train robber goes to Bolivia with his friend Butch to find goldThe Sundance Kid
7%
Shark hunter who gets eating by great whiteQuint
7%
Villain in The Wizard of OzThe Wicked Witch Of The West
7%
"What do you mean I'm funny?"Tommy DeVito
7%
"Mmmm, now that is a tasty burger!"Jules Winnfield
7%
Invented the Flux-CapacitarDr. Emmett Brown
5%
Teenage rebel in future BritainAlex De Large
5%
Cuts police officer's ear off while listening to "Stuck In The Middle With You"Mr. Blonde
5%
Best friend's with Andrew at Shawshank prisonEllis "Red" Redding
5%
Kills religious boy with a bowling pinDaniel Plainview
4%
A police officer has to stop the attempt of the assassination of Queen Elizabeth IILt. Frank Drebin
4%
Best friends with PedroNapolean Dynamite
4%
Owner of the globo gymWhite Goodman
4%
Pregnant police officerMarge Gunderson
3%
A mysterious cowboy who just blows a harmonicaHarmonica
2%
Almost kills nurse in metal institutionRandle McMurphy (R.P. or Mac)
2%
North Carolina's drug dealer and gangsterFrank Booth
0%
93!Brick Tamland
0%

Score Distribution

Percentile by Number Answered

Percent of People with Each Score

Your Score History

You have not taken this quiz